Educational psychology : (Record no. 4711)

MARC details
000 -LEADER
fixed length control field 01402cam a22003374a 4500
001 - CONTROL NUMBER
control field 14115323
003 - CONTROL NUMBER IDENTIFIER
control field 20170124153430.0
005 - DATE AND TIME OF LATEST TRANSACTION
control field 20240606080941.0
008 - FIXED-LENGTH DATA ELEMENTS--GENERAL INFORMATION
fixed length control field 050921s2007 njua b 001 0 eng
010 ## - LIBRARY OF CONGRESS CONTROL NUMBER
LC control number 2005054657
020 ## - INTERNATIONAL STANDARD BOOK NUMBER
International Standard Book Number 9780471456629 (pbk. : alk. paper)
020 ## - INTERNATIONAL STANDARD BOOK NUMBER
International Standard Book Number 0471456624 (pbk. : alk. paper)
040 ## - CATALOGING SOURCE
Original cataloging agency DLC
Transcribing agency DLC
Modifying agency DLC
042 ## - AUTHENTICATION CODE
Authentication code pcc
050 00 - LIBRARY OF CONGRESS CALL NUMBER
Classification number LB1051
Item number .O343 2007
082 00 - DEWEY DECIMAL CLASSIFICATION NUMBER
Classification number 370.15
Edition information 22
100 1# - MAIN ENTRY--PERSONAL NAME
Personal name O'Donnell, Angela M.
245 10 - TITLE STATEMENT
Title Educational psychology :
Remainder of title reflection for action /
260 ## - PUBLICATION, DISTRIBUTION, ETC.
Place of publication, distribution, etc. Hoboken, NJ :
Name of publisher, distributor, etc. J. Wiley,
Date of publication, distribution, etc. c2007.
300 ## - PHYSICAL DESCRIPTION
Extent xxxiii, 590 p. :
Other physical details col. ill. ;
Dimensions 28 cm.
504 ## - BIBLIOGRAPHY, ETC. NOTE
Bibliography, etc. note Includes bibliographical references (p. 520-558) and indexes.
650 #0 - SUBJECT ADDED ENTRY--TOPICAL TERM
Topical term or geographic name entry element Educational psychology.
700 1# - ADDED ENTRY--PERSONAL NAME
Personal name Reeve, Johnmarshall.
700 1# - ADDED ENTRY--PERSONAL NAME
Personal name Smith, Jeffrey K.
856 42 - ELECTRONIC LOCATION AND ACCESS
Materials specified Publisher description
Uniform Resource Identifier <a href="http://www.loc.gov/catdir/enhancements/fy0625/2005054657-d.html">http://www.loc.gov/catdir/enhancements/fy0625/2005054657-d.html</a>
856 41 - ELECTRONIC LOCATION AND ACCESS
Materials specified Table of contents only
Uniform Resource Identifier <a href="http://www.loc.gov/catdir/enhancements/fy0625/2005054657-t.html">http://www.loc.gov/catdir/enhancements/fy0625/2005054657-t.html</a>
856 42 - ELECTRONIC LOCATION AND ACCESS
Materials specified Contributor biographical information
Uniform Resource Identifier <a href="http://www.loc.gov/catdir/enhancements/fy0653/2005054657-b.html">http://www.loc.gov/catdir/enhancements/fy0653/2005054657-b.html</a>
906 ## - LOCAL DATA ELEMENT F, LDF (RLIN)
a 7
b cbc
c orignew
d 1
e ocip
f 20
g y-gencatlg
942 ## - ADDED ENTRY ELEMENTS (KOHA)
Source of classification or shelving scheme Library of Congress Classification
Koha item type Books
Holdings
Withdrawn status Lost status Source of classification or shelving scheme Damaged status Not for loan Home library Current library Date acquired Total checkouts Full call number Barcode Date last seen Price effective from Koha item type
    Library of Congress Classification     Murang'a University of Technology Library Murang'a University of Technology Library 24/01/2017   LB1051 .O343 2007 004737 30/08/2024 24/01/2017 Books